Numéros 9 des clubs de Ligue 1 (2022-2023) - Statistiques

Statistiques générales
  • Ce quiz a été pris 329 fois
  • Le résultat moyen est 7 sur 17
Statistiques - réponses
Club Joueur Nationalité % Correct
Paris Saint-Germain Mauro Icardi Argentine
92%
LOSC Lille Jonathan David Canada
87%
RC Strasbourg Alsace Kévin Gameiro France
73%
Olympique Lyonnais Moussa Dembélé France
68%
AS Monaco Myron Boadu Pays-Bas
55%
Stade Rennais FC Arnaud Kalimuendo France
52%
Stade Brestois 29 Franck Honorat France
39%
Montpellier MHSC Valère Germain France
38%
Toulouse FC Rhys Healey Angleterre
29%
RC Lens Adam Buksa Pologne
27%
AJ Auxerre Nuno Da Costa Cap Vert
24%
ESTAC Troyes Iké Ugbo Canada
22%
Angers SCO Loïs Diony France
16%
Clermont Foot 63 Komnen Andric Serbie
15%
AC Ajaccio Yohann Touzghar Tunisie
11%
FC Lorient Ibrahima Koné Mali
4%
Stade de Reims Kaj Sierhuis Pays-Bas
1%
Aucun quiz correspondant
Distribution des résultats
% des personnes avec chaque résultat
Percentile par nombre de réponses
Votre historique - résultats
Vous n’avez pas pris ce quiz